Генерационный потенциал нижней части куломзинской свиты на Юго-Востоке Западной Сибири; Проблемы геологии и освоения недр; Т. 1

التفاصيل البيبلوغرافية
Parent link:Проблемы геологии и освоения недр: труды XIX Международного симпозиума имени академика М. А. Усова студентов и молодых ученых, посвященного 70-летнему юбилею Победы советского народа над фашистской Германией, Томск, 6-10 апреля 2015 г./ Национальный исследовательский Томский политехнический университет (ТПУ), Институт природных ресурсов (ИПР) ; Общество инженеров-нефтяников, международная некоммерческая организация, Студенческий чаптер ; под ред. А. Ю. Дмитриева.— , 2015
Т. 1.— [С. 303-305]
المؤلف الرئيسي: Трушков П. В.
مؤلفون مشاركون: Национальный исследовательский Томский политехнический университет (ТПУ) Институт природных ресурсов (ИПР) Кафедра геологии и разведки полезных ископаемых (ГРПИ), Национальный исследовательский Томский политехнический университет (ТПУ) Институт природных ресурсов (ИПР) Центр подготовки и переподготовки специалистов нефтегазового дела (ЦППС НД) Лаборатория геологии месторождений нефти и газа (ЛГМНГ), Национальный исследовательский Томский политехнический университет (ТПУ) Институт природных ресурсов (ИПР) Кафедра геологии и разведки полезных ископаемых (ГРПИ) Международная научно-образовательная лаборатория изучения углерода арктических морей (МНОЛ ИУАМ)
مؤلفون آخرون: Самойленко В. В. Вадим Валерьевич (научный руководитель), Кашапов Р. С. Роман Сергеевич, Гончаров И. В. Иван Васильевич
الملخص:Заглавие с экрана
اللغة:الروسية
منشور في:
سلاسل:Геология нефти и газа. Современные методы поисков и разведки углеводородного сырья. Геоинформационные системы в геологии нефти и газа
الموضوعات:
الوصول للمادة أونلاين:http://earchive.tpu.ru/handle/11683/23111
http://www.lib.tpu.ru/fulltext/c/2015/C11/V1/132.pdf
التنسيق: MixedMaterials الكتروني فصل الكتاب
KOHA link:https://koha.lib.tpu.ru/cgi-bin/koha/opac-detail.pl?biblionumber=614931

MARC

LEADER 00000naa2a2200000 4500
001 614931
005 20231101132831.0
035 |a (RuTPU)RU\TPU\conf\13108 
035 |a RU\TPU\conf\13093 
090 |a 614931 
100 |a 20151019d2015 k y0rusy50 ca 
101 0 |a rus 
102 |a RU 
105 |a y z 100zy 
135 |a drcn ---uucaa 
181 0 |a i  
182 0 |a b 
200 1 |a Генерационный потенциал нижней части куломзинской свиты на Юго-Востоке Западной Сибири  |f П. В. Трушков, В. В. Самойленко, Р. С. Кашапов  |g науч. рук. И. В. Гончаров 
203 |a Текст  |c электронный 
225 1 |a Геология нефти и газа. Современные методы поисков и разведки углеводородного сырья. Геоинформационные системы в геологии нефти и газа 
230 |a 1 компьютерный файл (pdf; 474 Kb) 
300 |a Заглавие с экрана 
320 |a [Библиогр.: с. 305 (4 назв.)] 
337 |a Adobe Reader 
461 1 |0 (RuTPU)RU\TPU\conf\12865  |t Проблемы геологии и освоения недр  |o труды XIX Международного симпозиума имени академика М. А. Усова студентов и молодых ученых, посвященного 70-летнему юбилею Победы советского народа над фашистской Германией, Томск, 6-10 апреля 2015 г.  |o в 2 т.  |f Национальный исследовательский Томский политехнический университет (ТПУ), Институт природных ресурсов (ИПР) ; Общество инженеров-нефтяников, международная некоммерческая организация, Студенческий чаптер ; под ред. А. Ю. Дмитриева  |d 2015 
463 1 |0 (RuTPU)RU\TPU\conf\12868  |t Т. 1  |v [С. 303-305] 
610 1 |a труды учёных ТПУ 
610 1 |a электронный ресурс 
610 1 |a генерационный потенциал 
610 1 |a куломзинская свита 
610 1 |a Западная Сибирь 
700 1 |a Трушков  |b П. В. 
701 1 |a Самойленко  |b В. В.  |c геохимик  |c ведущий инженер Томского политехнического университета, кандидат геолого-минералогических наук  |f 1981-  |g Вадим Валерьевич  |2 stltpush  |3 (RuTPU)RU\TPU\pers\28893 
701 1 |a Кашапов  |b Р. С.  |c геолог  |c инженер Томского политехнического университета  |g Роман Сергеевич  |2 stltpush  |3 (RuTPU)RU\TPU\pers\35376 
702 1 |a Гончаров  |b И. В.  |c геолог  |c профессор Томского политехнического университета, доктор геолого-минералогических наук  |f 1947-  |g Иван Васильевич  |2 stltpush  |4 727 
712 0 2 |a Национальный исследовательский Томский политехнический университет (ТПУ)  |b Институт природных ресурсов (ИПР)  |b Кафедра геологии и разведки полезных ископаемых (ГРПИ)  |h 2181  |2 stltpush  |3 (RuTPU)RU\TPU\col\18660 
712 0 2 |a Национальный исследовательский Томский политехнический университет (ТПУ)  |b Институт природных ресурсов (ИПР)  |b Центр подготовки и переподготовки специалистов нефтегазового дела (ЦППС НД)  |b Лаборатория геологии месторождений нефти и газа (ЛГМНГ)  |h 5263  |2 stltpush  |3 (RuTPU)RU\TPU\col\19125 
712 0 2 |a Национальный исследовательский Томский политехнический университет (ТПУ)  |b Институт природных ресурсов (ИПР)  |b Кафедра геологии и разведки полезных ископаемых (ГРПИ)  |b Международная научно-образовательная лаборатория изучения углерода арктических морей (МНОЛ ИУАМ)  |h 7398  |2 stltpush  |3 (RuTPU)RU\TPU\col\20711 
801 2 |a RU  |b 63413507  |c 20210118  |g RCR 
856 4 |u http://earchive.tpu.ru/handle/11683/23111 
856 4 |u http://www.lib.tpu.ru/fulltext/c/2015/C11/V1/132.pdf 
942 |c BK